Click Mississippi River States On A Blank Map - Statistics

General Stats
  • This quiz has been taken 43 times
  • The average score is 9 of 10
Answers on the Map
Answers color-coded by a green-red scale on the quiz's map according to % correct below.
 
Answer Stats
Answer % Correct
Iowa
97%
Kentucky
97%
Minnesota
97%
Illinois
94%
Louisiana
94%
Tennessee
94%
Wisconsin
94%
Arkansas
92%
Mississippi
92%
Missouri
89%
No matching quizzes found
Score Distribution
Percent of People with Each Score
Percentile by Number Answered
Your Score History
You have not taken this quiz